Global manufacturing research group. Volume1: Collected papers

Na minha lista:
Detalhes bibliográficos
Autor principal: Whybark, D. Clay
Formato: Livro
Idioma:Undetermined
Publicado em: Tokyo Kenan Institute 1992
Assuntos:
Tags: Adicionar Tag
Sem tags, seja o primeiro a adicionar uma tag!
Thư viện lưu trữ: Trung tâm Học liệu Trường Đại học Cần Thơ
LEADER 00618nam a2200205Ia 4500
001 CTU_95182
008 210402s9999 xx 000 0 und d
082 |a 338.4 
082 |b W629/Vol.1 
100 |a Whybark, D. Clay 
245 0 |a Global manufacturing research group. Volume1: 
245 0 |b Collected papers 
245 0 |c D. Clay Whybark and Gyula Vastag 
260 |a Tokyo 
260 |b Kenan Institute 
260 |c 1992 
650 |a Production planning.,Production control.,Manufacturing processes 
650 |x Technological 
904 |i Năm 
980 |a Trung tâm Học liệu Trường Đại học Cần Thơ